| 000 | 01612nam a22002897a 4500 | ||
|---|---|---|---|
| 999 |
_c20353 _d20353 |
||
| 005 | 20181115160501.0 | ||
| 008 | 181115s2018 ck a||||r|||| 00| 0 spa d | ||
| 040 |
_aCO-BoIAVH _cCO-BoIAVH |
||
| 041 | 0 | _aspa | |
| 044 | _ack | ||
| 082 | 0 | 4 |
_a590.222 _bH43c |
| 100 | 1 |
_aHernández, Alejandro _etextos |
|
| 245 | 1 | 0 |
_aCopa mundial biodiverso 2018 / _ctextos por Alejandro Hernández y Diana Rengifo ; ilustraciones Giovanni Parrado |
| 250 | _aPrimera edición | ||
| 260 |
_aBogotá (Colombia) : _bInstituto de Investigación de Recursos Biológicos Alexander von Humboldt, _c2018. |
||
| 300 |
_a64 páginas : _bilustraciones a color ; _c22 x 18 cm. |
||
| 520 | 3 | _aDespués de una larga espera, los fanáticos futboleros reciben con gran emoción la Copa Mundial Biodiverso 2018. En este cuadernillo de colección, hemos reunido la fauna más selecta, representativa y competitiva de la biodiversidad continental de Colombia enfrentándola a un equipo conformado por especies que, aunque llegaron involuntariamente desde diferentes continentes, ahora ocupan de manera permanente algunos estadios de nuestro país. | |
| 650 | 2 | 6 |
_aFauna _zColombia _vDibujo animado |
| 650 | 2 | 6 |
_aEspecies en peligro de extinción _zColombia |
| 650 | 2 | 6 |
_aEcosistemas _zColombia |
| 650 | 2 | 6 |
_aEcología _zColombia |
| 700 | 1 |
_aRengifo, Diana _etextos |
|
| 700 | 1 |
_aParrado, Giovanni _eilustraciones |
|
| 700 | 1 |
_aVillegas-Vélez, Felipe _efotografía |
|
| 710 | 2 | _aInstituto de Investigación de Recursos Biológicos Alexander von Humboldt | |
| 942 |
_2ddc _cLIBRO |
||